00454nam a22000857a 4500008004100000082001300041100002300054245027700077300001400354230602b xxu||||| |||| 00| 0 eng d a172bCAR cGiuseppe Caramazza aThe Catholic University of Eastern Africa Faculty of Arts and Social Sciences Department of Religious StudiesbInfluence of Religious Ideologies and Religious Leaders on Politicians' Ethical and Transformative Choices with Special Reference to Kenyan Members of Parliament a201 pages